A textbook of statistics / (Record no. 26310)

MARC details
000 -LEADER
fixed length control field 00793naa a2200217 4500
005 - DATE AND TIME OF LATEST TRANSACTION
control field 20090513122547.0
008 - FIXED-LENGTH DATA ELEMENTS--GENERAL INFORMATION
fixed length control field 090513t xxu||||| |||| 00| 0 eng d
010 ## - LCCN (DPL NO)
LC control number ENG-93499
020 ## - INTERNATIONAL STANDARD BOOK NUMBER
International Standard Book Number 9788131305188
Terms of availability 1295.00
035 ## - SYSTEM CONTROL NUMBER
System control number EN-77032
037 ## - SOURCE OF ACQUISITION
Source of stock number/acquisition DBAD / PUB
040 ## - CATALOGING SOURCE
Original cataloging agency dpl
Language of cataloging English
082 ## - DEWEY DECIMAL CLASSIFICATION NUMBER
Classification number 001.422
100 ## - MAIN ENTRY--PERSONAL NAME
Personal name Soni, R.K.
245 ## - TITLE STATEMENT
Title A textbook of statistics /
Statement of responsibility, etc by R.K. Soni
260 ## - PUBLICATION, DISTRIBUTION, ETC. (IMPRINT)
Place of publication, distribution, etc New Delhi
Name of publisher, distributor, etc A.P.H. Publishing
Date of publication, distribution, etc 2009
270 ## - ADDRESS
Address 4435-36/7, Ansari Road, Darya Ganj
City New Delhi
Postal code 110002
300 ## - PHYSICAL DESCRIPTION
Extent x, 421p.
Dimensions 23cm(Hb)
942 ## - ADDED ENTRY ELEMENTS (KOHA)
Institution code [OBSOLETE] dpl
Item type English Books
Source of classification or shelving scheme Dewey Decimal Classification
Call number suffix SON
Classification part 001.422
Holdings
Withdrawn status Lost status Source of classification or shelving scheme Damaged status Not for loan Collection code Home library Current library Date acquired Source of acquisition Cost, normal purchase price Total Checkouts Full call number Barcode Date last seen Copy number Cost, replacement price Koha item type
    Dewey Decimal Classification   Not For Loan Non-fiction D.B.Act.Division D.B.Act.Division 13/05/2009 DBAD / PUB 1295.00   001.422 SON EN-77032 13/05/2009 1 1295.00 English Books

© Delhi Public Library
Hit Counter
free hit counter